000 00548cam a22001697a 4500
008 180718b1993 xxu||||| |||| 00| 0 eng d
020 _a0631174664
082 _aU2x42 F847
100 _aFrancis, John G.
245 _aThe politics of regulation: a comparative perspective
_cby John G. Francis
260 _aOxford
_bBlackwell
_c1993
300 _a289p.
650 _aTrade regulation - European economic community
650 _aTrade regulation - U.S.A
650 _aTrade regulation - U.K.
650 _aGovernment regulation of business - U.K
999 _c359862
_d359862